00730nam a2200193Ia 450000100060000000800390000608200140004524501000005925000120015926000390017130000170021065300350022765300230026265300150028570000490030094200120034995201580036199900170051956586130524n ii |||gr||||Z||||||346 a891.44109 0aBihareelaler Saradamangal GIjyasacBrojendra chandra Bhattacharyya edited byhTextual Documents aIst ed. aCalcutta:bGrantha Bikash.,c2007. a78pg:c19cm. aCollecion of Essays of Bengali aBengali literature aG- Bengali aBhattacharyya, Brojendra chandra ,eEditor., 2ddccBK 001040708General aSKBLbSKBLcG- Bengalid2013-05-24eBEf00000g50.00l0o891.44109 Bh 469 Bip2811/Bengr2024-01-14 00:00:00t1w2013-05-24yBKzBE c56508d56508